000 00515cam a2200145 4500500
005 20251228072919.0
041 _afre
042 _adc
100 1 0 _aKelly, Stéphane
_eauthor
245 0 0 _aSerge CANTIN, Ce pays comme un enfant. Essais sur le Québec (1988-1996), Montréal, L’Hexagone, 1997, 209 p.
260 _c2005.
500 _a37
786 0 _nCités | 23 | 3 | 2005-09-01 | p. 245d-272d | 1299-5495
856 4 1 _uhttps://shs.cairn.info/revue-cites-2005-3-page-245d?lang=fr&redirect-ssocas=7080
999 _c1594430
_d1594430